[Event "Challenge"]
[Site "http://www.queenalice.com/game.php?id=264513"]
[Date "2007.8.31"]
[Round "-"]
[White "smumustang"]
[Black "nandoveneno"]
[Result "0-1"]
[WhiteElo "1210"]
[BlackElo "1702"]

1. e4 e5 2. Nf3 Nc6 3. Nc3 d6 4. g3 Nf6 5. d3 Be7 6. Bg2 O-O 7. O-O Ne8 8. b3 f5
9. exf5 Bxf5 10. Bb2 Rb8 11. a3 Bg4 12. Ne4 d5 13. Ned2 Nd6 14. h3 Be6 0-1

[Event "Challenge"]
[Site "http://www.queenalice.com/game.php?id=264516"]
[Date "2007.8.31"]
[Round "-"]
[White "nandoveneno"]
[Black "iwanikow"]
[Result "1-0"]
[WhiteElo "1716"]
[BlackElo "1753"]

1. e4 d5 2. exd5 Qxd5 3. Nc3 Qd8 4. a3 Nf6 5. Bc4 e6 6. Nge2 Be7 7. O-O O-O 8.
d3 Nc6 9. b4 Nd4 10. Bb2 c5 11. Ne4 Nxe4 12. f3 Nf6 13. Nxd4 cxd4 14. Qe1 a6 15.
Bc1 b5 16. Ba2 Qb6 17. Kh1 Bb7 18. Qg3 Nh5 19. Qg4 g6 20. Re1 Ng7 21. Bb2 Bf6
22. Re2 Bc8 23. Qe4 Nf5 24. Qf4 e5 25. Qe4 Bb7 26. Qg4 Bc8 27. Qe4 Bb7 28. Qg4
Ne3 29. Qh3 h5 30. Bc1 Bc8 31. Qg3 Nf5 32. Qf2 Qd8 33. f4 exf4 34. Bxf4 Bb7 35.
Rae1 Bh4 36. Bg3 Nxg3+ 37. hxg3 Bf6 38. Qf4 Rc8 39. Rf1 Rc6 40. Re4 Kg7 41. Re2
Rc7 42. Ref2 Rc6 43. g4 hxg4 44. Qxg4 Bc8 45. Qe4 Rb6 46. Kg1 Bb7 47. Qg4 Bd5
48. c4 bxc4 49. dxc4 Bb7 50. c5 Rc6 51. a4 Bc8 52. Qe4 Rc7 53. c6 Bf5 54. Qf4
Rxc6 55. g4 Bd3 56. Rd1 Bc4 57. Qe4 Bxa2 58. Qxc6 Bd5 59. Qxa6 Be5 60. b5 Qh4
61. Rdd2 1-0

[Event "Challenge"]
[Site "http://www.queenalice.com/game.php?id=266269"]
[Date "2007.9.3"]
[Round "-"]
[White "nandoveneno"]
[Black "torres"]
[Result "0-1"]
[WhiteElo "1696"]
[BlackElo "1192"]

1. e4 Nc6 2. a3 Nf6 3. Nc3 e5 4. Bc4 Bc5 5. Na4 Nxe4 6. Nxc5 Nxc5 7. Qf3 O-O 8.
Ne2 d6 9. O-O Qh4 10. Qg3 Qxc4 11. d3 Qxc2 12. Nc3 Nd4 13. Bh6 Nf5 14. Qg5 Nxh6
15. Nd5 c6 16. Ne3 Qxb2 17. f4 Ne6 18. Qe7 exf4 19. Nc4 Qd4+ 20. Kh1 Nf5 21.
Qxf8+ Kxf8 22. Rad1 b5 23. Na5 c5 24. Nc6 Qb2 25. Rf3 Nh4 26. Rg1 Nxf3 27. gxf3
Qe2 0-1

[Event "Challenge"]
[Site "http://www.queenalice.com/game.php?id=266271"]
[Date "2007.9.3"]
[Round "-"]
[White "DSMarcal"]
[Black "nandoveneno"]
[Result "0-1"]
[WhiteElo "1255"]
[BlackElo "1696"]

1. e4 e5 2. Nf3 d6 3. Nc3 Nf6 4. h3 Be7 5. d3 O-O 6. g4 b6 7. g5 Nh5 8. Be3 f5
9. d4 Bb7 10. dxe5 dxe5 11. Bc4+ Kh8 12. Nxe5 Qxd1+ 13. Rxd1 g6 14. Bd4 h6 15.
Nxg6+ Kh7 16. Nxe7 hxg5 17. Nxf5 Nc6 18. Be5 Nxe5 19. b4 Nxc4 20. Rd7+ Kh8 21.
Rxc7 Bc8 22. Rxc4 Bxf5 23. exf5 Rxf5 24. O-O Rf3 25. a4 Raf8 26. h4 Nf4 27. hxg5
Rg8 28. Rxf4 Rxf4 29. Nb5 Rxg5+ 0-1

[Event "Challenge"]
[Site "http://www.queenalice.com/game.php?id=266273"]
[Date "2007.9.3"]
[Round "-"]
[White "upanchor"]
[Black "nandoveneno"]
[Result "0-1"]
[WhiteElo "1170"]
[BlackElo "1664"]

1. e4 e5 2. Nf3 d6 3. c3 Be7 4. d4 exd4 5. cxd4 Nf6 6. e5 Nd5 7. Qb3 c6 8. exd6
Qxd6 9. Bc4 O-O 10. Nc3 Qe6+ 11. Ne5 Rd8 12. Ne4 b5 13. Be2 Nf4 14. Bxf4 Qxb3
15. axb3 Rxd4 16. f3 Nd7 17. Nxc6 Bb4+ 18. Nd2 Rxf4 19. Bxb5 Nf6 20. O-O Bxd2
21. Ne7+ Kh8 22. Rad1 Ba5 23. Rd6 h5 24. g3 Rb4 25. Bd3 Ne8 26. Rd8 Bxd8 27. Nd5
Rxb3 28. Bc2 Rxb2 29. Rc1 Bb7 30. Nf4 Bxf3 31. Re1 Bb6+ 32. Kf1 Rxc2 33. h3 g5
34. Nd3 Bg2# 0-1

[Event "Challenge"]
[Site "http://www.queenalice.com/game.php?id=266277"]
[Date "2007.9.3"]
[Round "-"]
[White "medline"]
[Black "nandoveneno"]
[Result "0-1"]
[WhiteElo "1224"]
[BlackElo "1708"]

1. e3 e5 2. Nf3 Nc6 3. c3 Bd6 4. g3 Nf6 5. d3 O-O 6. Qb3 Na5 7. Qa4 b6 8. a3 c5
9. Ng5 h6 10. Nh3 Bb7 11. f3 Bxf3 12. Rg1 e4 13. Nd2 Bg4 14. Nf2 Nc6 15. Nfxe4
Nxe4 16. Qxe4 f5 17. Qg2 Re8 18. Qf2 Bh5 19. Qxf5 Rxe3+ 20. Kf2 Qe8 21. Nc4 Rf3+
22. Qxf3 Bxf3 23. Kxf3 Ne5+ 24. Kf2 Ng4+ 25. Kf3 Ne5+ 26. Kf2 Nxd3+ 27. Kf3 Qf8+
28. Ke3 Nxc1 29. Rxc1 Re8+ 30. Kd3 b5 31. Na5 c4+ 32. Kd2 Qf2+ 33. Kd1 Re1# 0-1

[Event "Challenge"]
[Site "http://www.queenalice.com/game.php?id=266291"]
[Date "2007.9.3"]
[Round "-"]
[White "nandoveneno"]
[Black "TruePunkLuvU"]
[Result "1-0"]
[WhiteElo "1700"]
[BlackElo "1179"]

1. e4 e5 2. Nc3 c6 3. a3 d5 4. exd5 cxd5 5. d4 exd4 6. Nb5 a6 7. Nxd4 Bc5 8.
Ngf3 Nf6 9. Qe2+ Be6 10. Nxe6 fxe6 11. Qxe6+ Be7 12. Ne5 Qd6 13. Qc8+ Bd8 14.
Nf3 O-O 15. Be2 b5 16. O-O Ne4 17. Qb7 Nc6 18. Qxa8 h5 19. Qxa6 Ba5 20. Bxb5 Rd8
21. Bxc6 Rc8 22. Qxc8+ Kf7 23. Rd1 Kg6 24. Bxd5 Qc7 25. Qxc7 Nc3 26. Qxa5 Nxd1
27. Qb6+ Kf5 28. Qe6# 1-0

[Event "Challenge"]
[Site "http://www.queenalice.com/game.php?id=266293"]
[Date "2007.9.3"]
[Round "-"]
[White "nandoveneno"]
[Black "vania"]
[Result "1-0"]
[WhiteElo "1683"]
[BlackElo "1283"]

1. e4 e5 2. a3 a5 3. Bc4 Nf6 4. Nc3 c6 5. Nge2 d5 6. exd5 cxd5 7. Ba2 g5 8. O-O
d4 9. Nb5 Bd7 10. Bc4 Qc8 11. d3 Qc5 12. b4 axb4 13. Bxg5 Be7 14. Qb1 Bxb5 15.
axb4 Qc6 16. Rxa8 Qd6 17. Bxb5+ Nd7 18. Bxd7+ Kxd7 19. Bd2 b5 20. Ng3 Qc6 21.
Qa2 Rg8 22. Ra7+ Kd6 23. Nf5# 1-0

[Event "Challenge"]
[Site "http://www.queenalice.com/game.php?id=266888"]
[Date "2007.9.4"]
[Round "-"]
[White "nandoveneno"]
[Black "carloscolangelo"]
[Result "1-0"]
[WhiteElo "1650"]
[BlackElo "1380"]

1. e4 e5 2. a3 Bc5 3. Bc4 Nf6 4. Nc3 d6 5. Nge2 Ng4 6. d4 Qf6 7. O-O exd4 8. Nd5
Qd8 9. Nxd4 c6 10. Ne3 Qf6 11. Nb3 Qh6 12. Nxg4 Bxg4 13. Qxg4 Qf6 14. Nxc5 dxc5
15. Qc8+ Qd8 16. Qxb7 Nd7 17. Qxc6 O-O 18. Be3 Qe7 19. Rad1 Rfc8 20. Qxd7 Re8
21. Rd6 h6 22. Bxc5 Qxe4 23. Qxf7+ Kh7 24. Bd3 Qxd3 25. cxd3 Rf8 26. Qd7 Rae8
27. Re6 Rd8 28. Qxa7 Rxd3 29. Bxf8 Rd8 30. Qxg7# 1-0

[Event "Challenge"]
[Site "http://www.queenalice.com/game.php?id=266889"]
[Date "2007.9.4"]
[Round "-"]
[White "nandoveneno"]
[Black "eldalai"]
[Result "1-0"]
[WhiteElo "1681"]
[BlackElo "1325"]

1. e4 e5 2. a3 Nf6 3. Nc3 Bc5 4. Na4 Bd4 5. c3 Bb6 6. d3 d6 7. Nxb6 axb6 8. Be2
Nc6 9. Nf3 b5 10. O-O Be6 11. d4 Bc4 12. Bxc4 bxc4 13. a4 Nxe4 14. d5 Ne7 15.
Ng5 Nf5 16. Nxe4 Qh4 17. f4 Rd8 18. Qe2 exf4 19. Rxf4 Qg5 20. Nxd6+ Kd7 21. Rxf5
Qg6 22. Rxf7+ Qxf7 23. Nxf7 Rhe8 24. Qg4+ Ke7 25. Nxd8 1-0

[Event "Challenge"]
[Site "http://www.queenalice.com/game.php?id=266890"]
[Date "2007.9.4"]
[Round "-"]
[White "arbasa0804"]
[Black "nandoveneno"]
[Result "0-1"]
[WhiteElo "1322"]
[BlackElo "1695"]

1. e4 e5 2. Bc4 Nf6 3. Qf3 Bc5 4. g4 O-O 5. g5 Ne8 6. b3 Qxg5 7. Nh3 Qf6 8. Qxf6
Nxf6 9. Rg1 Nxe4 10. Bd3 f5 11. f3 Bxg1 0-1

[Event "Challenge"]
[Site "http://www.queenalice.com/game.php?id=266891"]
[Date "2007.9.4"]
[Round "-"]
[White "Hugo62"]
[Black "nandoveneno"]
[Result "0-1"]
[WhiteElo "1349"]
[BlackElo "1692"]

1. d4 d6 2. Nc3 e6 3. e3 Be7 4. Nf3 Nf6 5. g3 O-O 6. b3 b6 7. h4 Bb7 8. Bg2 Ba6
9. Bh3 Bb7 10. O-O Nc6 11. a4 Na5 12. b4 Nc4 13. b5 Nh5 14. Qd3 Bxf3 15. Qxc4 d5
16. Qd3 Qd6 17. Bb2 Nxg3 18. Rfe1 Bxh4 19. Ba3 Qd8 20. Bxf8 Qg5 21. Bb4 Ne4+ 22.
Kh2 Nxf2 23. Qd2 Qg3# 0-1

[Event "Challenge"]
[Site "http://www.queenalice.com/game.php?id=266892"]
[Date "2007.9.4"]
[Round "-"]
[White "Pollyanna"]
[Black "nandoveneno"]
[Result "0-1"]
[WhiteElo "1319"]
[BlackElo "1665"]

1. e4 e5 2. Nf3 Nc6 3. b3 Nf6 4. Nc3 Be7 5. g3 O-O 6. Bh3 b6 7. Bb2 a6 8. Qe2
Nb4 9. O-O-O c5 10. g4 Nc6 11. a4 d6 12. Qe3 Bxg4 13. Ng1 Bxd1 14. Kxd1 Nb4 15.
Nf3 d5 16. exd5 Nbxd5 17. Qe4 Nxe4 18. Nxe4 Nf4 19. Bg4 f5 20. Nxe5 fxe4 21. Nc6
Qd6 22. Nxe7+ Qxe7 23. h4 Rad8 24. c4 Ng2 25. Bh3 Qd6 26. Bxg2 Qxd2# 0-1

[Event "Challenge"]
[Site "http://www.queenalice.com/game.php?id=267483"]
[Date "2007.9.5"]
[Round "-"]
[White "robertolanger"]
[Black "nandoveneno"]
[Result "0-1"]
[WhiteElo "1309"]
[BlackElo "1704"]

1. e4 e6 2. d4 Nc6 3. Be3 Be7 4. e5 f6 5. exf6 Nxf6 6. Bb5 O-O 7. Qd3 Nb4 8. Qb3
c6 9. Bc4 b5 10. Bd3 a5 11. Nh3 Nxd3+ 12. Qxd3 Nd5 13. a3 Nxe3 14. Qxe3 Ba6 15.
Nd2 Bf6 16. O-O b4 17. c4 Re8 18. Ne4 Bxc4 19. Rfd1 Bd5 20. Nd6 Re7 21. Nf4 e5
22. dxe5 Rxe5 23. Qd3 Rg5 24. Ne4 Bxe4 25. Qxe4 Qc7 26. axb4 Bxb2 27. Rxa5 Rgxa5
28. g3 Rg5 29. Qc4+ Kh8 30. b5 Rf8 31. bxc6 Qxc6 32. Qd3 Rxf4 33. Qe3 Be5 34.
Qb3 Rd4 35. f4 Rxd1+ 36. Kf2 Rd2+ 37. Ke3 Rb2 38. Qf7 Qc3+ 39. Ke4 Rb4+ 40. Kd5
Bxf4+ 41. Qf5 Rxf5# 0-1

[Event "Challenge"]
[Site "http://www.queenalice.com/game.php?id=350656"]
[Date "2008.2.8"]
[Round "-"]
[White "nandoveneno"]
[Black "iwanikow"]
[Result "0-1"]
[WhiteElo "1733"]
[BlackElo "1799"]

1. e4 e5 2. a3 c5 3. Bc4 Be7 4. Nc3 Nf6 5. d3 O-O 6. Nge2 Nc6 7. O-O d6 8. Qe1
Be6 9. Nd5 Nd4 10. c3 Nc2 11. Qd1 Nxa1 12. Bd2 Nxd5 13. exd5 Bg4 14. f3 Bf5 15.
Qxa1 a6 16. Ng3 Bd7 17. f4 exf4 18. Rxf4 Bg5 19. Rf2 Bxd2 20. Rxd2 Qg5 21. Ne4
Qe3+ 22. Rf2 b5 23. Ba2 Qxd3 24. Nxd6 c4 25. Bb1 Qxd5 26. Ne4 Bc6 27. b4 cxb3
28. Qb2 Rae8 29. Qe2 f5 30. Qh5 fxe4 31. Qxd5+ Bxd5 32. Rd2 Re5 0-1

[Event "Challenge"]
[Site "http://www.queenalice.com/game.php?id=385783"]
[Date "2008.4.11"]
[Round "-"]
[White "nandoveneno"]
[Black "iwanikow"]
[Result "1-0"]
[WhiteElo "1720"]
[BlackElo "1760"]

1. e4 c5 2. Nc3 e5 3. Nf3 d6 4. a3 Nf6 5. Bc4 Be7 6. O-O O-O 7. d3 Nc6 8. Rb1
Bg4 9. Be3 Bxf3 10. Qxf3 Nd4 11. Bxd4 cxd4 12. Nd5 a6 13. a4 b5 14. axb5 axb5
15. Bxb5 Nxd5 16. exd5 Rb8 17. Ba4 Qa5 18. b3 Qc3 19. Rfc1 f5 20. Bd7 f4 21. Qg4
Rb7 22. Qe6+ Rf7 23. Be8 Bg5 24. Bxf7+ Rxf7 25. Qxd6 f3 26. Rf1 Qxc2 27. Ra1 h6
28. Ra8+ Kh7 29. Qxe5 fxg2 30. Kxg2 Qxd3 31. d6 Bf6 32. Qe8 Qxb3 33. d7 Qd5+ 34.
f3 Rxd7 35. Qe4+ Qxe4 36. fxe4 d3 37. Rd1 Bc3 38. Ra3 Bb4 39. Raxd3 Rxd3 40.
Rxd3 g5 41. Rf3 Kg6 42. h3 h5 43. e5 Be7 44. e6 g4 45. Rf7 1-0

[Event "Challenge"]
[Site "http://www.queenalice.com/game.php?id=445008"]
[Date "2008.8.7"]
[Round "-"]
[White "iwanikow"]
[Black "nandoveneno"]
[Result "0-1"]
[WhiteElo "1752"]
[BlackElo "1738"]

1. e4 Nf6 2. d3 e5 3. Nf3 d6 4. Be2 Be7 5. O-O O-O 6. Bd2 Nc6 7. c4 a6 8. Nc3
Bg4 9. Nd5 Nd4 10. Nxf6+ Bxf6 11. Nxd4 Bd7 12. a4 exd4 13. b4 c5 14. bxc5 dxc5
15. Rb1 b6 16. Bf4 Qe8 17. Rxb6 Bxa4 18. Qd2 Bd8 19. Rd6 a5 20. Bg4 Qe7 21. Ra1
Be8 22. e5 h6 23. Qe2 Bc7 24. Rd5 Bc6 25. g3 Bxd5 26. cxd5 Bb8 27. Qe4 Qb7 28.
Bf3 Qb2 29. Rc1 Ra7 30. Rxc5 a4 31. e6 Re7 32. Bxb8 Rxb8 33. Qf5 fxe6 34. dxe6
Rf8 35. Qe5 Rxf3 36. Rc8+ Rf8 37. Rxf8+ Kxf8 38. Qc5 Qb1+ 39. Kg2 Qxd3 40. Qc8+
Re8 41. Qc5+ Re7 42. Qc8+ Re8 43. Qc5+ Kg8 44. e7 Qe4+ 45. f3 Qxe7 46. Qxd4 a3
47. Qc4+ Qf7 48. Qa4 Ra8 0-1